000 004400000a22001690004500
003 MACL
005 20151018143734.0
008 151018b xxu||||| |||| 00| 0 eng d
040 _aMACL
_cMACL
041 _aEnglish
082 _a954/QUR
100 _aQureshi, Ishtinq hussain
_915887
245 _aThe Administration of the Mughul Empire
260 _bJanki Prakashan
_c1979
_aNew Delhi
650 _aHistory
_915888
942 _cBK
_k954
_2ddc
999 _c6665
_d6665